Statystyki dla QUIZ O SAMOCHODACH #2

Kliknij tutaj aby rozwiązać quiz!

Ogólne statystyki

  • Ten quiz został rozwiązany 21 razy
  • Średni wynik to 16 z 25

Statystyki odpowiedzi

MODELMARKA% Poprawnych
MEGANERENAULT
100%
GIULIAALFA ROMEO
89%
CORVETTECHEVROLET
89%
CHARGERDODGE
89%
RAMDODGE
89%
MULTIPLAFIAT
89%
FOCUS RSFORD
89%
MODEL STESLA
83%
RAPIDSKODA
78%
XC90VOLVO
78%
HUAYRAPAGANI
72%
VANTAGEASTON MARTIN
67%
LANCERMITSUBISHI
67%
FORESTERSUBARU
67%
NSXACURA
61%
BENTAYGABENTLEY
61%
FORMENTORCUPRA
56%
CX60MAZDA
56%
FORTWOSMART
56%
A110ALPINE
50%
MATIZDAEWOO
50%
MASTERRENAULT
50%
JOGGERDACIA
33%
ONEMINI
11%
INDYGOTATA
6%

Rozkład punktacji

Percentyl według liczby udzielonych odpowiedzi

Procent ludzi z każdym wynikiem

Twoja historia wyników

Nie rozwiązałeś tego quizu